Computer Practice- I / (Record no. 87)

MARC details
000 -LEADER
Fixed length control field 00514nam a2200193 4500
003 - CONTROL NUMBER IDENTIFIER
Control field SEACOMEC
005 - DATE AND TIME OF LATEST TRANSACTION
Control field 20240627133813.0
008 - FIXED-LENGTH DATA ELEMENTS--GENERAL INFORMATION
Fixed length control field 231005b |||||||| |||| 00| 0 eng d
020 ## - INTERNATIONAL STANDARD BOOK NUMBER / ISBN
Price Rs. 145.00
040 ## - CATALOGING SOURCE
Original cataloging agency SEACOMEC
082 ## - DEWEY DECIMAL CLASSIFICATION NUMBER
Classification number 005.5
Book Number J59
100 1# - MAIN ENTRY--PERSONAL NAME
Personal name Jeyapoovan, T.
245 1# - TITLE STATEMENT
Title Computer Practice- I /
Statement of responsibility T. Jeyapoovan and Sanjay Saxena
260 ## - IMPRINT
Place of publication New Delhi
Name of publisher Vikas
Date of publication 2004
650 ## - SUBJECT ADDED ENTRY--TOPICAL TERM
Topical term Computer Programming, programs, data
650 ## - SUBJECT ADDED ENTRY--TOPICAL TERM
Topical term Application Program
700 1# - ADDED ENTRY--PERSONAL NAME
Personal name Sanjay, Saxena
942 ## - ADDED ENTRY ELEMENTS (KOHA)
Koha item type Books
Holdings
Withdrawn status Lost status Source of classification Damaged status Not for loan Home library Current library Date acquired Total Checkouts Call number Accession number Date last seen Price effective from Koha item type Copy number
    Dewey Decimal Classification     SEACOM ENGINEERING COLLEGE SEACOM ENGINEERING COLLEGE 03/04/2024   005.5 J59 4742 03/04/2024 03/04/2024 Books  
    Dewey Decimal Classification     SEACOM ENGINEERING COLLEGE SEACOM ENGINEERING COLLEGE 03/04/2024   005.5 J59 4743 03/04/2024 03/04/2024 Books 1
    Dewey Decimal Classification     SEACOM ENGINEERING COLLEGE SEACOM ENGINEERING COLLEGE 03/04/2024   005.5 J59 4744 03/04/2024 03/04/2024 Books 2
    Dewey Decimal Classification     SEACOM ENGINEERING COLLEGE SEACOM ENGINEERING COLLEGE 03/04/2024   005.5 J59 4745 03/04/2024 03/04/2024 Books 3
    Dewey Decimal Classification     SEACOM ENGINEERING COLLEGE SEACOM ENGINEERING COLLEGE 03/04/2024   005.5 J59 4746 03/04/2024 03/04/2024 Books 4
    Dewey Decimal Classification     SEACOM ENGINEERING COLLEGE SEACOM ENGINEERING COLLEGE 03/04/2024   005.5 J59 4747 03/04/2024 03/04/2024 Books 5
    Dewey Decimal Classification     SEACOM ENGINEERING COLLEGE SEACOM ENGINEERING COLLEGE 13/02/2007   005.5 J59 5899 27/06/2024 27/06/2024 Books 6
    Dewey Decimal Classification     SEACOM ENGINEERING COLLEGE SEACOM ENGINEERING COLLEGE 13/02/2007   005.5 J59 5900 27/06/2024 27/06/2024 Books 7
    Dewey Decimal Classification     SEACOM ENGINEERING COLLEGE SEACOM ENGINEERING COLLEGE 13/02/2007   005.5 J59 5901 27/06/2024 27/06/2024 Books 8
    Dewey Decimal Classification     SEACOM ENGINEERING COLLEGE SEACOM ENGINEERING COLLEGE 13/02/2007   005.5 J59 5902 27/06/2024 27/06/2024 Books 9
    Dewey Decimal Classification     SEACOM ENGINEERING COLLEGE SEACOM ENGINEERING COLLEGE 13/02/2007   005.5 J59 5903 27/06/2024 27/06/2024 Books 10
© Seacom Engineering College, All rights reserved.      Powered by Koha